000 00973nam a2200253Ia 4500
003 OSt
005 20221005112209.0
006 a|||||r|||| 00| 0
007 ta
008 221004b |||||||| |||| 00| 0 pan d
020 _cINR 400.00
024 _a45241
037 _bSP/6267, 11/02/2019, Star Publications Pvt. Ltd.
_cTextual
040 _aCRL
_cCRL
_bpan
041 _2pan
_apan
082 _aQ8441:21, 153Q8
100 _aਭੱਡਾਲ, ਕੁਲਵੰਤ ਸਿੰਘ, ਂਚ.
_9156325
245 0 _aਮੁਖਮਨੀ ਸੁਖ ਅੰਮ੍ਰਿਤ ਪ੍ਰਭ ਨਾਮੁ
260 _aਅੰਮ੍ਰਿਤਸਰ
_bਪ੍ਰਿੱਟਵੈੱਲ ਭਾਰਤ
_c2018
300 _a489ਪ੍ਰ0
_ccm.
650 _aਸਿੱਖ ਧਰਮ
_9156314
942 _hQ8441:21, 153Q8
_cTEXL
_2cc
999 _c1024157
_d1024157